Baby Boy Name Blitz Quiz Stats

 Plays Quiz Updated Jun 20, 2019

Score 0/100 Timer 02:00
6 Plays Today
Letter Name % Correct
AAaron
98.5%
AAdam
98.5%
AAlan
98.5%
AAlbert
98.5%
AAlexander
98.5%
AAndrew
98.5%
AAnthony
98.5%
AArthur
98.5%
AAustin
98.5%
JJack
97.1%
JJacob
97.1%
JJames
97.1%
JJason
97.1%
JJeffrey
97.1%
JJeremy
97.1%
JJerry
97.1%
JJesse
97.1%
JJoe
97.1%
JJohn
97.1%
JJohnny
97.1%
JJonathan
97.1%
JJordan
97.1%
JJose
97.1%
JJoseph
97.1%
JJoshua
97.1%
JJuan
97.1%
JJustin
97.1%
DDaniel
93.3%
DDavid
93.3%
DDennis
93.3%
DDonald
93.3%
DDouglas
93.3%
DDylan
93.3%
GGabriel
90.7%
Letter Name % Correct
GGary
90.7%
GGeorge
90.7%
GGerald
90.7%
GGregory
90.7%
BBradley
90.5%
BBenjamin
90.4%
BBilly
90.4%
BBobby
90.4%
BBrandon
90.4%
BBrian
90.4%
BBryan
90.4%
BBruce
90.4%
RRalph
89%
RRandy
89%
RRaymond
89%
RRichard
89%
RRobert
89%
RRoger
89%
RRonald
89%
RRoy
89%
RRussell
89%
RRyan
89%
MMark
88.8%
MMatthew
88.8%
MMichael
88.8%
CCarl
88%
CCharles
88%
CChristopher
88%
CChristian
88%
PPatrick
87.6%
PPaul
87.6%
PPeter
87.6%
PPhilip
87.6%
EEdward
85.4%
Letter Name % Correct
EEric
85.4%
EEthan
85.4%
EEugene
85.4%
SSamuel
84.7%
SScott
84.7%
SSean
84.7%
SStephen
84.7%
SSteven
84.7%
TTerry
81.7%
TThomas
81.7%
TTimothy
81.7%
TTyler
81.7%
HHarold
80.6%
HHenry
80.6%
WWalter
80.3%
WWayne
80.3%
WWilliam
80.3%
WWillie
80.3%
KKeith
79.5%
KKenneth
79.5%
KKevin
79.5%
KKyle
79.5%
FFrank
76.6%
NNathan
75%
NNicholas
75%
NNoah
75%
LLarry
68.4%
LLawrence
68.4%
LLogan
68.4%
LLouis
68.4%
ZZachary
58.2%
VVincent
46.6%

You're not logged in!

Compare scores with friends on all Sporcle quizzes.
OR
Log In

Sporcle TV

Today on Sporcle TV


Watch our educational content, quiz creation guides, and fun videos on Sporcle TV.

Show Comments

Extras

Top Quizzes Today


Score Distribution

Your Account Isn't Verified!

In order to create a playlist on Sporcle, you need to verify the email address you used during registration. Go to your Sporcle Settings to finish the process.

Report this User

Report this user for behavior that violates our Community Guidelines.

Details: